[Event "Sentjur Ipavec Memorial 8th"]
[Site "Sentjur"]
[Date "2007.12.08"]
[Round "1"]
[White "Gazvoda, Franc"]
[Black "Toromanovic, Hasan"]
[Result "1-0"]
[WhiteElo "2095"]
[BlackElo "1761"]
[PlyCount "69"]
[EventDate "2007.12.08"]
[EventType "swiss"]
[EventRounds "9"]
[EventCountry "SLO"]
[SourceTitle "EXT 2010"]
[Source "ChessBase"]
[SourceDate "2010.11.25"]
[SourceVersion "1"]
[SourceVersionDate "2010.11.25"]
[SourceQuality "1"]

1. e4 g6 2. d4 Bg7 3. Bc4 e6 4. Nc3 a6 5. a4 b6 6. Nf3 Bb7 7. Qe2 d6 8. Bg5 Qd7 9. 0-0 Ne7 10. Rad1 0-0 11. Qe3 Kh8 12. Bh6 Ng8 13. Bxg7+ Kxg7 14. Ng5 h6 15. Nh3 Qe7 16. f4 Nd7 17. Qg3 Ndf6 18. Rde1 Nh5 19. Qg4 Kh7 20. f5 Ngf6 21. Qd1 e5 22. g4 Ng7 23. g5 Ng8 24. f6 Qd7 25. fxg7 Kxg7 26. Re3 hxg5 27. Nxg5 Nh6 28. dxe5 Ng4 29. e6 Nxe3 30. Qd4+ Kh6 31. exd7 Nxf1 32. Nxf7+ Rxf7 33. Bxf7 Rf8 34. Qf6 Bxe4 35. Nxe4 1-0